Herman Melville (Record no. 1722)
[ view plain ]
| 000 -LEADER | |
|---|---|
| fixed length control field | 00239nam a2200097 4500 |
| 082 ## - DEWEY DECIMAL CLASSIFICATION NUMBER | |
| Classification number | 913.3 |
| Item number | MEL/SAS |
| 100 ## - MAIN ENTRY--PERSONAL NAME | |
| Personal name | Sastri, P.S. |
| 245 ## - TITLE STATEMENT | |
| Title | Herman Melville |
| Statement of responsibility, etc. | by P.S. Sastri |
| 260 ## - PUBLICATION, DISTRIBUTION, ETC. | |
| Place of publication, distribution, etc. | Bombay |
| Name of publisher, distributor, etc. | Tata McGraw-Hill |
| Date of publication, distribution, etc. | c1972 |
| 300 ## - PHYSICAL DESCRIPTION | |
| Extent | 99p. ; 22cm. |
| Withdrawn status | Lost status | Damaged status | Not for loan | Collection code | Home library | Current library | Date acquired | Total Checkouts | Full call number | Barcode | Date last seen | Price effective from | Koha item type |
|---|---|---|---|---|---|---|---|---|---|---|---|---|---|
| ENGLISH | North Eastern Hill University | North Eastern Hill University | 18/11/2011 | 913.3 MEL/SAS | A903 | 18/11/2011 | 18/11/2011 | Books |
